Country Logic Puzzle by Scambigol #27 - Statistics

General Stats
  • This quiz has been taken 619 times
  • The average score is 80 of 154
Answers on the Map
Answers color-coded by a green-red scale on the quiz's map according to % correct below.
 
Answer Stats
Country % Correct
Oman
83%
Yemen
82%
United Arab Emirates
81%
East Timor
77%
Indonesia
76%
Angola
75%
Botswana
75%
Namibia
75%
Papua New Guinea
74%
Zimbabwe
74%
Italy
72%
Vatican City
72%
Qatar
71%
Saudi Arabia
69%
Kuwait
68%
Iraq
67%
San Marino
67%
France
66%
Andorra
65%
Monaco
65%
Belgium
63%
Brazil
63%
Guyana
63%
India
63%
Suriname
63%
Venezuela
63%
Bhutan
62%
Laos
62%
Luxembourg
62%
Nepal
62%
Vietnam
62%
Kenya
61%
Myanmar
61%
Netherlands
61%
Tanzania
61%
Zambia
61%
Bangladesh
60%
Argentina
59%
Uruguay
59%
Belarus
58%
Bolivia
58%
Colombia
58%
Ecuador
58%
Malawi
58%
Moldova
58%
Peru
58%
Ukraine
58%
Chile
57%
Costa Rica
57%
Finland
57%
Honduras
57%
Nicaragua
57%
Norway
57%
Paraguay
57%
Romania
57%
Sweden
57%
Panama
56%
Russia
56%
Israel
55%
Jordan
55%
Lebanon
55%
Syria
55%
Estonia
54%
Latvia
54%
Lithuania
54%
Poland
54%
Uzbekistan
54%
Denmark
53%
Germany
53%
Hungary
53%
Lesotho
53%
South Africa
53%
Canada
52%
Djibouti
52%
Eswatini
52%
Ireland
52%
Mozambique
52%
United Kingdom
52%
United States
52%
Brunei
51%
Cambodia
51%
China
51%
Ethiopia
51%
Malaysia
51%
Mongolia
51%
North Korea
51%
Portugal
51%
Somalia
51%
South Korea
51%
Spain
51%
Thailand
51%
Belize
50%
El Salvador
50%
Eritrea
50%
Guatemala
50%
Mexico
50%
Burundi
49%
Czech Republic
49%
Kazakhstan
49%
Kyrgyzstan
49%
Rwanda
49%
Slovakia
49%
Tajikistan
49%
Uganda
49%
Democratic Republic of the Congo
48%
Gambia
47%
Senegal
47%
Serbia
45%
Afghanistan
44%
Iran
44%
Pakistan
44%
Albania
43%
Bosnia and Herzegovina
43%
Bulgaria
43%
Croatia
43%
Greece
43%
Kosovo
43%
Montenegro
43%
North Macedonia
43%
Austria
41%
Cameroon
41%
Equatorial Guinea
41%
Liechtenstein
41%
Switzerland
41%
Mauritania
40%
Morocco
39%
Slovenia
39%
Central African Republic
38%
Egypt
38%
Gabon
38%
Libya
38%
Republic of the Congo
38%
Sudan
38%
Tunisia
38%
Chad
37%
Guinea
37%
Benin
36%
Ghana
36%
Togo
36%
Algeria
35%
Mali
35%
Armenia
34%
Nigeria
34%
South Sudan
34%
Niger
33%
Burkina Faso
32%
Georgia
32%
Ivory Coast
32%
Liberia
32%
Sierra Leone
32%
Turkey
30%
Azerbaijan
29%
Turkmenistan
29%
Guinea-Bissau
27%
No matching quizzes found
Score Distribution
Percent of People with Each Score
Percentile by Number Answered
Your Score History
You have not taken this quiz